5HLuxD.jpg

KING HENRY VIII SENIOR AND PRIMARY SCHOOL LIBRARY OPAC

What in the world is a green garden? / (Record no. 1333)

000 -LEADER
fixed length control field 01273cam a2200349 a 4500
001 - CONTROL NUMBER
control field 16084381
003 - CONTROL NUMBER IDENTIFIER
control field OSt
005 - DATE AND TIME OF LATEST TRANSACTION
control field 20221228134529.0
008 - FIXED-LENGTH DATA ELEMENTS--GENERAL INFORMATION
fixed length control field 100204s2011 mnua j 000 0 eng
010 ## - LIBRARY OF CONGRESS CONTROL NUMBER
LC control number 2010004322
020 ## - INTERNATIONAL STANDARD BOOK NUMBER
International Standard Book Number 9781616131883 (hc)
020 ## - INTERNATIONAL STANDARD BOOK NUMBER
International Standard Book Number 9781616131883
035 ## - SYSTEM CONTROL NUMBER
System control number (OCoLC)ocn505018144
037 ## - SOURCE OF ACQUISITION
Stock number 1315119
Source of stock number/acquisition QBI
040 ## - CATALOGING SOURCE
Original cataloging agency DLC
Transcribing agency DLC
Modifying agency QBX
-- XY4
-- DLC
-- KH8
042 ## - AUTHENTICATION CODE
Authentication code lcac
-- pcc
082 00 - DEWEY DECIMAL CLASSIFICATION NUMBER
Classification number 635 GAA
Edition number 22
100 1# - MAIN ENTRY--PERSONAL NAME
Personal name Gaarder-Juntti, Oona,
Dates associated with a name 1979-
Relator term Author
245 10 - TITLE STATEMENT
Title What in the world is a green garden? /
Statement of responsibility, etc. Oona Gaarder-Juntti.
260 ## - PUBLICATION, DISTRIBUTION, ETC.
Place of publication, distribution, etc. Edina, Minn. :
Name of publisher, distributor, etc. ABDO Pub. Co.,
Date of publication, distribution, etc. c2011.
300 ## - PHYSICAL DESCRIPTION
Extent 24 p. :
Other physical details col. ill. ;
Dimensions 20 x 25 cm.
490 0# - SERIES STATEMENT
Series statement Going green
500 ## - GENERAL NOTE
General note "Super Sandcastle."
505 0# - FORMATTED CONTENTS NOTE
Formatted contents note What in the world is being green? -- Green gardening -- In a green world -- How you can help -- Let's think green -- Take the green pledge.
520 ## - SUMMARY, ETC.
Summary, etc. Learn about earth-friendly gardens that are good for the planet.
521 2# - TARGET AUDIENCE NOTE
Target audience note Grades K-4.
650 #0 - SUBJECT ADDED ENTRY--TOPICAL TERM
Topical term or geographic name entry element Sustainable agriculture
Form subdivision Juvenile literature.
650 #1 - SUBJECT ADDED ENTRY--TOPICAL TERM
Topical term or geographic name entry element Sustainable agriculture.
906 ## - LOCAL DATA ELEMENT F, LDF (RLIN)
a 7
b cbc
c orignew
d 1
e ecip
f 20
g y-gencatlg
942 ## - ADDED ENTRY ELEMENTS (KOHA)
Source of classification or shelving scheme
Koha item type Books - Non Ficton
Holdings
Withdrawn status Lost status Source of classification or shelving scheme Damaged status Not for loan Collection code Permanent Location Current Location Shelving location Date acquired Total Checkouts Full call number Barcode Date last seen Date last checked out Price effective from Koha item type
          Non-Fiction KH8 Primary School Library KH8 Primary School Library Non Fiction 2022-12-28 10 635 GAA KHPL000003111 2025-12-05 2025-01-15 2022-12-28 Books - Non Ficton

Powered By KH8 IT Dept